| 000 | 00886nam a2200217 i 4500 | ||
|---|---|---|---|
| 001 | 183316 | ||
| 003 | ES-MaACL | ||
| 005 | 20230906221849.0 | ||
| 008 | 140318s1833 fr |||| | fre d | ||
| 080 | _a343(436)"1803"(094.4) | ||
| 110 | 1 |
_aAustria. _9171515 |
|
| 245 | 1 | 0 |
_aCode pénal général de l'empire d'Autriche : _bavec des appendices contenant les règlements généraux les plus récents / _ctraduit sur la dernière édition officielle par M. Victor Foucher. |
| 260 |
_aParis : _b[s.n], _c1833 ( _fImp. Royale) |
||
| 300 |
_aXVI, 390 p. ; _c22 cm. |
||
| 490 | 1 |
_aCollection des lois civiles et criminelles des états modernes ; _v1 |
|
| 650 | 4 |
_aDerecho penal- _zAustria. _9173926 |
|
| 700 | 1 |
_aFoucher, Victor. _951926 |
|
| 830 | 1 |
_aCollection des lois civiles et criminelles des états modernes ; _v1 _9191907 |
|
| 852 | 4 |
_aES-MaACL _jG-3633 |
|
| 999 |
_c183316 _d183316 |
||